Catalog

Record Details

Catalog Search



Hordubal ; Povětroň ; Obyčejný život  Cover Image Book Book

Hordubal ; Povětroň ; Obyčejný život / Karel Čapek ; [k vydání připravil a poznámky sestavil Miroslav Halík ; doslov Jan Cigánek]

Čapek, Karel, 1890-1938 (Author). Halík, Miroslav, 1901-1975 (Editor). Cigánek, Jan, 1930-2004 (Author of afterword, colophon, etc.).

Summary:

Románová trilogie z let 1934-35 je trojím pokusem spisovatele a filosofa o hlubší a pravdivější pochopení člověka v jeho citech a činech. - Trilogie nemá ani jednu společnou postavu. Jednotlivé části spojuje jen umělecká metoda či spisovatelův záměr.

Record details

  • Physical Description: 415 s. ; 21 cm
  • Edition: Hordubala vyd. 18., Povětroně vyd. 18., Obyčejného života vyd. 15.
  • Publisher: Praha : Československý spisovatel, 1958

Content descriptions

General Note:
50000 výt.
Vyd. ke 20. výročí autorova úmrtí

Available copies

  • 2 of 2 copies available at Common Catalog SPOK.

Holds

  • 0 current holds with 2 total copies.
Show Only Available Copies
Location Call Number / Copy Notes Barcode Shelving Location Status Due Date
Hospic Dobrého Pastýře BE-C
Tematická katagorie: Beletrie (BE)
2045957009742 Knihovna Available -
KDS Library 810 ČaK 204576800218 Library Available -

LDR 01485nam a22003371a 4500
00119876
003CZ-PrJAB
00520200720093104.0
007ta
008980707s1958 xr 000 | cze
015 . ‡acnb000682708
020 . ‡q(Váz.) : ‡cKčs 26,40
035 . ‡a(CZ PrNK)bk195804529
035 . ‡a(OCoLC)10999505
040 . ‡aABA001 ‡bcze ‡cKLG001 ‡dABA001
1001 . ‡aČapek, Karel, ‡d1890-1938 ‡7jk01021023 ‡4aut
24510. ‡aHordubal ; ‡bPovětroň ; Obyčejný život / ‡cKarel Čapek ; [k vydání připravil a poznámky sestavil Miroslav Halík ; doslov Jan Cigánek]
250 . ‡aHordubala vyd. 18., Povětroně vyd. 18., Obyčejného života vyd. 15.
260 . ‡aPraha : ‡bČeskoslovenský spisovatel, ‡c1958 ‡e(Vimperk : ‡fJČT)
300 . ‡a415 s. ; ‡c21 cm
4901 . ‡aVýbor z díla / Karel Čapek ; ‡vsv. 3
500 . ‡a50000 výt.
500 . ‡aVyd. ke 20. výročí autorova úmrtí
520 . ‡aRománová trilogie z let 1934-35 je trojím pokusem spisovatele a filosofa o hlubší a pravdivější pochopení člověka v jeho citech a činech. - Trilogie nemá ani jednu společnou postavu. Jednotlivé části spojuje jen umělecká metoda či spisovatelův záměr.
7001 . ‡aHalík, Miroslav, ‡d1901-1975 ‡7jk01033231 ‡4edt
7001 . ‡aCigánek, Jan, ‡d1930-2004 ‡7jk01020670 ‡4aft
74002. ‡aPovětroň
74002. ‡aObyčejný život
8001 . ‡aČapek, Karel, ‡d1890-1938. ‡tVýbor z díla
910 . ‡aABE463
964 . ‡aRomány psychologické
910 . ‡aBNE702
901 . ‡a19876 ‡bCZ-PrJAB ‡c19876 ‡tbiblio

Additional Resources